000 00319nam a2200109Ia 4500
008 220204s9999 xx 000 0 und d
020 _a9789251057506
082 _a338.43.01
_bFAO
245 4 _aThe state of food and agriculture
260 _aRome
_bFood & Agriculture Organization of the United States
_c2007
942 _cBK
999 _c42785
_d42785